000 00675nas a2200265 4500
001 BR9208749
003 BR-BrBNA
005 20231205093146.0
007 ta
008 230509b bl.|||p| |||| 00| 00por d
040 _aBR-BrBNA
_bpor
_cBiblioteca Nacional de Agricultura
041 _a(Pt)
072 _aF01
100 1 _aAnon.
245 1 _aGuia das flores: cactos
650 _aPLANTA ORNAMENTAL
650 _aCACTO
650 _aPRATICA CULTURAL
650 _aENXERTO
650 _aVARIEDADE
650 _aPRATICO
773 0 _tGuia Rural (Brazil)
_x
_g(Sep 1991), p. 136-139
_wBR9208749
909 _a202311
_bLúcia
_c55
_dLúcia Elande
942 _2AGRIS
_n0
_cANA
999 _c136543
_d136543